Computer User's Guide to the Protection of Information Resources

Saved in:
Bibliographic Details
Main Author: Helsing, Cheryl
Corporate Author: National Institute of Standars and Technology
Other Authors: Swanson, Marianne, Todd, Mary Anne
Format: Book
Language:English
Published: Washington : U.S. Department of Commerce National Institute of Standars and Technology, 1989
Series:NIST special publication
Subjects:
Tags: Add Tag
No Tags, Be the first to tag this record!

MARC

LEADER 00000nam a2200000 i 4500
001 1/58175
008 951211s1989 eng d
035 |a 1995  |c ΚΑΤΣΙΚΑΣ  |l 10045864 
040 |a GR-MY-UA  |b gre  |e aacr 
041 0 |a eng 
082 0 |a 005.8 
100 1 |a Helsing, Cheryl. 
110 2 |a National Institute of Standars and Technology. 
245 1 0 |a Computer User's Guide to the Protection of Information Resources /  |c Cheryl Helsing,Marianne Swason and Mary Anne Todd 
260 |a Washington :   |b U.S. Department of Commerce National Institute of Standars and Technology,   |c 1989 
300 |a 14 σ.;  |c 28 εκ. 
490 1 |a NIST special publication 
650 0 0 |a Computers  |x Access control. 
700 1 |a Swanson, Marianne. 
700 1 |a Todd, Mary Anne. 
830 0 |a NIST special publication 
852 |a INST  |b SAMOS  |e 19951211  |h 005.8 HEL  |p 005300004422  |q 005300004422  |t BK  |y 0 
909 |a Σ  |b 042206